Liv and Maddie! - Statistics

General Stats
  • This quiz has been taken 405 times
  • The average score is 6 of 11
Answer Stats
Questions Answer % Correct
Parker is the younger or older brother? younger
98%
What was Maddie's jersey number? 5
93%
What actress portrayed both Liv and Maddie? Dove Cameron
83%
What show did Liv star on first? Sing it Loud!
72%
What year did liv and Maddie First start? 2013
61%
On L&M Cali Style, what was their crazy aunts name? Dena
51%
What was the board over Liv's bed called? Diva board
41%
What was the name of the song Liv wrote when the boys were judging the girls at school? What a girl is
35%
What was the Liv's first hit song? Froyo YOLO
33%
What to places did Diggie move to? Australia and Tundrabania
13%
What was the original name of Liv and Maddie? (also mentioned on the last episode) Bits and Pieces
12%
No matching quizzes found
Score Distribution
Percent of People with Each Score
Percentile by Number Answered
Your Score History
You have not taken this quiz